000 00580nam a2200229Ia 4500
003 OSt
005 20220928141822.0
006 a|||||r|||| 00| 0
007 ta
008 220927b |||||||| |||| 00| 0 eng d
024 _a17870
037 _cTextual
040 _aSDCL
_cSDCL
_beng
041 _2eng
_aeng
082 _aX:8y7, N6
100 _aBudhiraja S B
_9502354
245 0 _aCases in strategic management
260 _c1996
700 _a Athreya M B
_9502355
942 _hX:8y7, N6
_cTEXL
_2CC
999 _c820149
_d820149